00959nam a2200241 a 450000500170000000800410001704000250005804100080008309000140009110000210010524501380012626000540026430000100031865000360032865000440036465000410040865000320044965000320048165000310051394200150054499900130055995201450057220200104041507.0140114b1995 XXK||||| |||| 00| 0 ENG d aCO-BoIAVHcCO-BoIAVH aeng aLBb00123 aKerr, Suzi93931 aMarkets versus international funds for implementing international environmental agreementsbozone depletion and the Montreal Protocol aCambridgebCenter for International Affairsc1995 a51 p. aConvenios internacionales93879 aDegradación de la capa de ozono93932 aConservación de biodiversidad9345 aProtocolo de Montreal93933 aDerechos de propiedad93934 aMonitoreo ambiental942936 cINFORME2z c143d143 00102z40708GENERALIINV2017aBogotabBogotad1997-12-23l0oLB-00123p000181r2012-12-04 00:00:00tEj.1w2012-12-04xDonaciónyINFORME